| 000 | 00519nam a2200217Ia 4500 | ||
|---|---|---|---|
| 008 | 170918s9999 xx 000 0 und d | ||
| 020 | _a9780590738729 | ||
| 050 | _bK944 1996 | ||
| 100 | _aKrulik, Nancy E. | ||
| 245 | _aGoing batty : | ||
| 245 | _ba book about bats / | ||
| 245 | _cNancy E. Krulik. | ||
| 260 | _aNew York : | ||
| 260 | _bScholastic, | ||
| 260 | _c1996 | ||
| 300 | _aunpaged : | ||
| 300 | _bcolored illustration ; | ||
| 300 | _c20cm. | ||
| 440 | _aThe magic school bus. | ||
| 500 | _a520 | ||
| 999 |
_c341679 _d341679 |
||